000 00939cam a2200289 i 4500
001 75642
003 BD-RjUL
005 20211209082724.0
008 190507s1986 0 atxua i b 001 0 eng
020 _a0256034230
035 _a(BD-RjUL)75860
040 _aDLC
_cDLC
_d(BD-RjUL)
_beng
041 _aeng
082 0 0 _a658
_bIVM 1986
_223
100 1 _aIvancevich, John M.
_946746
245 1 0 _aManaging for performance : an introduction to the process of managing / /
_cJohn M. Ivancevich, James H. Donnelly, Jr., James L. Gibson ;
250 _a3rd.ed.
260 _aPlano, Texas :
_bBusiness Publications ;
_c1986.
300 _axix, 577 p. :
_bill. ;
_c25 cm.
504 _aIncludes bibliographies and index.
650 0 _aManagement.
_946747
700 1 _aDonnelly, James H.,
_9231565
700 1 _aGibson, James L.
_q(James Lawrence),
_d1935-
_9231566
942 _2ddc
_cBK
999 _c75642
_d75642